| 000 | 02404nam a2200565 i 4500 | ||
|---|---|---|---|
| 005 | 20220317001615.0 | ||
| 007 | ta | ||
| 008 | 210831s20162019ck er 000 0 spa d | ||
| 020 | _a9789583510519 | ||
| 040 |
_aCO-BoRNBP _bspa _erda _cCO-BoRNBP |
||
| 041 | 1 |
_aspa _hfre |
|
| 082 | 0 | 4 |
_aR 340.03 _bG83d _222 |
| 100 | 1 |
_aGuillien, Raymond _eautor |
|
| 245 | 1 | 0 |
_aDiccionario jurídico _cRaymond Guillien, Jean Vincent ; bajo la dirección de Serge Guinchard, Gabriel Montagnier ; con la colaboración de Jacques Azema... [y otros diecinueve] ; versión castellana de Jorge Guerrero |
| 250 |
_aSegunda edición _bOctava reimpresión aumentada y corregida |
||
| 264 | 1 |
_aBogotá _b Editorial Temis _c2016 _c2019 |
|
| 300 |
_a417 páginas _c 22 cm |
||
| 336 |
_atexto _btxt _2rdacontent |
||
| 337 |
_asin mediación _bn _2rdamedia |
||
| 338 |
_avolumen _bnc _2rdacarrier |
||
| 500 | _aIncluye siglas jurídicas francesas al final del texto | ||
| 521 | _aRecomendado para un público adulto | ||
| 534 | _tLexique de termes juridiques | ||
| 650 | 1 | 7 |
_aDerecho _vDiccionarios _2LEMB |
| 650 | 1 | 7 |
_aJurisprudencia _vDiccionarios _2LEMB |
| 650 | 1 | 7 |
_aProcedimiento civil _vDiccionarios _2LEMB |
| 700 | 1 |
_aGuinchard, Serge _ecolaborador _9186647 |
|
| 700 | 1 |
_aMontagnier, Gabriel _ecolaborador _9186648 |
|
| 700 | 1 |
_aAzema, Jacques _ecolaborador _9186649 |
|
| 700 | 1 |
_aBoyer, Laurent _ecolaborador _9186650 |
|
| 700 | 1 |
_aChavanne, Albert _ecolaborador _9186651 |
|
| 700 | 1 |
_aDana, Adrien-Charles _ecolaborador _9186652 |
|
| 700 | 1 |
_aFayard, Marie-Claude _ecolaboradora _9186653 |
|
| 700 | 1 |
_aFrossard, Joseph _ecolaborador _9186654 |
|
| 700 | 1 |
_aGuericolas, Marie-Andrée _ecolaboradora _9186655 |
|
| 700 | 1 |
_aGuillien, Raymond _ecolaborador _98689 |
|
| 700 | 1 |
_aGuinchard, Serge _ecolaborador _9186647 |
|
| 700 | 1 |
_aMassot-Durin, Daniele _ecolaborador _9186656 |
|
| 700 | 1 |
_aMayaud, Yves _ecolaborador _9186657 |
|
| 700 | 1 |
_aMontagnier, Gabriel _ecolaborador _9186648 |
|
| 700 | 1 |
_aPadirac, Raoul _ecolaborador _9186658 |
|
| 700 | 1 |
_aPhilip, Christian _ecolaborador _9186659 |
|
| 700 | 1 |
_aPrevault, Jacques _ecolaborador _9186660 |
|
| 700 | 1 |
_aReinhard, Yves _ecolaborador _9186661 |
|
| 700 | 1 |
_aRoland, Henri _ecolaborador _9186662 |
|
| 700 | 1 |
_aVachet, Gerard _ecolaborador _9186663 |
|
| 700 | 1 |
_aVarinard, Andre _ecolaborador _9186664 |
|
| 700 | 1 |
_aVicent, Jean _ecolaborador _9186665 |
|
| 942 |
_2ddc _cREF |
||
| 999 |
_c7515 _d7515 |
||